LEADER 00838nam a2200205 i 4500 001 000000227895 003 CaOOAMICUS 005 20140311000000.0 008 140311s1966 it u000 u ger u 013 $a206797 040 $aSeMil$bita 100 1 $aNoth, Martin,$d<1902-1968>.$0(OLS)http://semarc/name/52 245 14$aDas system der zwölf stämme Israels /$cMartin Noth. 260 $aDarmstadt :$bWissenschaftliche Buchgesellschaft,$c1966. 300 $a174 p. ;$c23 cm. 650 4$aTribù - Israele.$0(OLS)http://semarc/subject/12135 850 $aSeMil 852 $aSeMil$W1$xVenegono$y1$m2Y II 210$j178241$B178241$CSeMilBibl$Z2$F189027 $81 996 $6245$aDas system der zwölf stämme Israels$9(OLS)http://semarc/title/326160 996 $6260$aDarmstadt :$bWissenschaftliche Buchgesellschaft$9(OLS)http://semarc/publisher/32002 LEADER 00879nam a2200193 i 4500 001 000000055312 003 CaOOAMICUS 005 19970626000000.0 008 970626n xx u000 u eng u 013 $a26484 040 $aSeMil$bita 100 1 $aDalpathado, Jacobus .$0(OLS)http://semarc/name/27754 245 14$aThe Doctrine of the Church About Workmen's Non Confessional or Neutral Trade Unions (A Study in Principles) 650 4$aSindacati.$0(OLS)http://semarc/subject/9963 650 4$aStati Uniti d'America.$0(OLS)http://semarc/subject/3088 650 4$aTesi di laurea.$0(OLS)http://semarc/subject/1690 850 $aSeMil 852 $aSeMil$W1$xVenegono$y1$m2I II 479$j21466$B21466$CSeMilBibl$Z2$F21468 $81 996 $6245$aThe Doctrine of the Church About Workmen's Non Confessional or Neutral Trade Unions (A Study in Principles)$9(OLS)http://semarc/title/85750